00961nam a2200241 a 450000100060000000300080000600500170001400800410003103500190007204000380009104100080012908200270013710000390016424500800020326000350028330000270031850400200034560000400036594200120040599900170041795201460043495201390058024205BD-RjUL20211209001024.0140312s1951 enk 001 0 eng d a(BD-RjUL)24271 aD2035bengcD2035dNSL:SdBD-RjUL aeng14a253.2092219bMAM 19511 aMarshall, Catherine,d1914-97455712aA man called Peter :bthe story of Peter Marshall /cby Catherine Marshall. aLondon :bPeter Davies,c1951. aviii, 354 p. ;c21 cm. aIncludes index.10aMarshall, Peter,d1902-1949.974558 2ddccBK c24205d24205 00102ddc40728NFICaRUCLbRUCLcReadingd1958-03-01eU.S.I.S, Dacca, Gift.l0o253.2092 MAM 1951r2014-03-12 00:00:00tC-1w2014-03-12yBK 00102ddc40728NFICaRUCLbRUCLcReadingd1958-02-18eU.S.I.S. Daccal0o253.2092 MAM 1951r2014-03-13 00:00:00tC-1w2014-03-13yBK